LDR 01100naa#a2200169#i#450# 001 RU\\bibl\111085 005 20260511065729.1 011 ## _a2074-8183 100 ## _a20260331b2026####ek#y0rusy0150####ca 102 ## _aRU 200 1# _aУГОЛОВНО-ПРАВОВОЕ ПРОТИВОДЕЙСТВИЕ ПУБЛИЧНОМУ РАСПРОСТРАНЕНИЮ КРИМИНОГЕННОЙ ИНФОРМАЦИИ, НАПРАВЛЕННОМУ НА ДИСКРЕДИТАЦИЮ АВТОРИТЕТА РОССИЙСКОЙ ФЕДЕРАЦИИ И ОРГАНОВ ГОСУДАРСТВЕННОЙ ВЛАСТИ: ТЕНДЕНЦИИ И ПЕРСПЕКТИВЫ _eЖурнальная статья 210 1# _aВолгоград _cВолгоградская академия МВД России _d2026 215 ## _a6 с. 608 ## _aЖурнальная статья _2local 675 ## _aПреступления против собственного государства. Государственные преступления. 343.32 _z 700 #1 _aВолколупова _gВладислава Владимировна 856 4# _ava-mvd.editorum.ru _u